[Event "VIE-ch (Women)"]
[Site "Da Lat"]
[Date "2011.03.22"]
[Round "4"]
[White "Le, Kieu Thien Kim"]
[Black "Doan Thi Van, Anh"]
[Result "0-1"]
[WhiteElo "2252"]
[BlackElo "1891"]
[PlyCount "132"]
[EventDate "2011.03.20"]
[EventType "swiss"]
[EventRounds "11"]
[EventCountry "VIE"]
[SourceTitle "CBM 141 Extra"]
[Source "ChessBase"]
[SourceDate "2011.05.03"]
[SourceVersion "1"]
[SourceVersionDate "2011.05.03"]
[SourceQuality "1"]

1. d4 d5 2. Nf3 Nf6 3. e3 Bf5 4. c4 c6 5. Qb3 Qb6 6. Nc3 e6 7. c5 Qc7 8. Qa4 Be7 9. Nh4 Bg6 10. Be2 Ne4 11. Nxg6 hxg6 12. Nxe4 dxe4 13. h3 Nd7 14. b4 b6 15. Bd2 0-0 16. 0-0 a5 17. bxa5 bxc5 18. Rfc1 Rfc8 19. Rab1 cxd4 20. exd4 Qd6 21. Bb4 c5 22. Ba3 Bd8 23. dxc5 Nxc5 24. Qc2 Be7 25. Rb5 e3 26. Rxc5 exf2+ 27. Kh1 Rd8 28. Rc3 Qf4 29. Bxe7 Rd2 30. Rc8+ Kh7 31. Bf1 Rxc2 32. R8xc2 Rxa5 33. Rc4 Qg3 34. R4c3 Qe5 35. a3 Rd5 36. R3c2 Qf4 37. Bc5 Rd2 38. Rc4 Qf6 39. Be3 Rd5 40. Rf4 Rf5 41. Rxf5 Qxf5 42. a4 Qa5 43. Bxf2 Qd2 44. Ra1 Qxf2 45. a5 Qd4 46. Ra2 Qf4 47. Ra1 Qd4 48. Ra2 Qd1 49. Kg1 Qd5 50. Ra4 Qb3 51. Rh4+ Kg8 52. a6 Qe3+ 53. Kh2 Qe5+ 54. Kg1 Qa5 55. Rc4 Qxa6 56. g4 Qb6+ 57. Kg2 f5 58. Be2 Qe3 59. Bf3 f4 60. Re4 Qd2+ 61. Re2 Qd6 62. g5 Kf7 63. Ra2 Qe5 64. h4 Qe1 65. Rf2 e5 66. Bd5+ Ke7 0-1

[Event "VIE-ch (Women)"]
[Site "Da Lat"]
[Date "2011.03.21"]
[Round "2"]
[White "Doan Thi Van, Anh"]
[Black "Ton, Nu Hong An"]
[Result "1/2-1/2"]
[WhiteElo "1891"]
[BlackElo "2014"]
[PlyCount "102"]
[EventDate "2011.03.20"]
[EventType "swiss"]
[EventRounds "11"]
[EventCountry "VIE"]
[SourceTitle "CBM 141 Extra"]
[Source "ChessBase"]
[SourceDate "2011.05.03"]
[SourceVersion "1"]
[SourceVersionDate "2011.05.03"]
[SourceQuality "1"]

1. d4 Nf6 2. Nf3 b6 3. e3 Bb7 4. Bd3 e6 5. 0-0 Be7 6. b3 0-0 7. Bb2 c5 8. Nbd2 d5 9. Ne5 Nbd7 10. f4 a6 11. f5 b5 12. c4 dxc4 13. Nxd7 Nxd7 14. bxc4 cxd4 15. fxe6 fxe6 16. Qg4 e5 17. exd4 exd4 18. cxb5 Kh8 19. Qh5 Rxf1+ 20. Rxf1 Qg8 21. Bxd4 Bf6 22. Be3 axb5 23. Qxb5 Qe6 24. Qxb7 Qxe3+ 25. Kh1 Rd8 26. Qe4 Qh6 27. Nc4 Nc5 28. Nd6 Nxe4 29. Nf7+ Kg8 30. Nxh6+ gxh6 31. Bxe4 Kg7 32. g4 Bg5 33. Rb1 Rd2 34. a4 Ra2 35. Rb7+ Kf6 36. Bc6 Ke5 37. Rxh7 Kd4 38. Rf7 Rc2 39. Bb5 Ke3 40. Rf8 Ke4 41. Rf1 Ra2 42. Bc6+ Ke5 43. Rd1 Kf4 44. Rd5 Kxg4 45. Bd7+ Kf3 46. Rf5+ Ke3 47. Bc6 Rc2 48. Bb7 Rb2 49. Rb5 Rxb5 50. axb5 Kf2 51. Be4 Bd8 1/2-1/2